Manual de identificación, preparación y evaluación de proyectos
সংরক্ষণ করুন:
| প্রধান লেখক: | |
|---|---|
| বিন্যাস: | গ্রন্থ |
| ভাষা: | স্প্যানিশ |
| প্রকাশিত: |
Santiago
Naciones Unidas
1993
|
| মালা: | Cuadernos del ILPES, 39
|
| বিষয়গুলি: | |
| ট্যাগগুলো: |
ট্যাগ যুক্ত করুন
কোনো ট্যাগ নেই, প্রথমজন হিসাবে ট্যাগ করুন!
|
MARC
| LEADER | 00000nam a2200000 a 4500 | ||
|---|---|---|---|
| 001 | UCU3449 | ||
| 003 | CL-VaPUC | ||
| 008 | 960510e19930000CL |||||||||||||||||spa|d | ||
| 082 | 0 | 4 | |a 658.404 |b MEJ |2 21 |
| 100 | |a Mejía Lira, Francisco |e autor |9 360400 | ||
| 245 | 1 | 0 | |a Manual de identificación, preparación y evaluación de proyectos |
| 300 | |a 222 p | ||
| 942 | |c BK | ||
| 945 | |d 19960510 00:00:00 |a rleighto | ||
| 260 | |a Santiago |b Naciones Unidas |c 1993 | ||
| 650 | 0 | |a Evaluación de proyectos |9 259341 | |
| 650 | 0 | |a Gestión de proyectos |9 260970 | |
| 650 | 7 | |a PLANES DE DESARROLLO |2 CL-VaPUC |9 339401 | |
| 650 | 7 | |a PROGRAMAS |2 CL-VaPUC |9 350084 | |
| 650 | 7 | |a INSTITUCIONES |2 CL-VaPUC |9 329701 | |
| 583 | |a last modification |c 19960510 00:00:00 |k Rodrigo Vera | ||
| 490 | 0 | |a Cuadernos del ILPES, 39 | |
| 999 | |c 247458 |d 247456 | ||
| 952 | |0 0 |1 0 |4 0 |6 658_404000000000000_MEJ_1993 |7 0 |8 A |9 263387 |a BIBING |b BIBING |d 2019-11-19 |i 3198499 |o 658.404 MEJ 1993 |p 3198499 |r 2025-01-20 |w 2019-11-19 |y BK |k GEO | ||